[Event "TUR-ch Seniors 50"]
[Site "Ankara"]
[Date "2023.05.21"]
[Round "3"]
[White "Hatipoglu, Metin"]
[Black "Erdeveciler, Cem"]
[Result "1-0"]
[WhiteElo "1498"]
[BlackElo "1532"]
[PlyCount "75"]
[EventDate "2023.05.19"]
[EventType "swiss"]
[EventRounds "9"]
[EventCountry "TUR"]
[SourceTitle "CBM 214 Extra"]
[Source "ChessBase"]
[SourceDate "2023.07.31"]
[SourceVersion "1"]
[SourceVersionDate "2023.07.31"]
[SourceQuality "1"]

1. e4 g6 2. d4 b6 3. c4 e6 4. Nc3 Bg7 5. Nf3 Bb7 6. Be2 Ne7 7. 0-0 d6 8. Be3 Nd7 9. Qd2 Nf6 10. e5 Ne4 11. Nxe4 Bxe4 12. Ng5 Bb7 13. f4 h6 14. Nf3 Nf5 15. Bf2 0-0 16. Rad1 Rc8 17. Rfe1 Qd7 18. g4 Ne7 19. Be3 Kh7 20. Kf2 Rcd8 21. Rg1 a5 22. h4 Bxf3 23. Bxf3 dxe5 24. fxe5 f5 25. exf6 Rxf6 26. Rg3 Rdf8 27. Kg2 R6f7 28. Be4 Rf6 29. h5 Qe8 30. hxg6+ Nxg6 31. g5 hxg5 32. Rxg5 Qf7 33. Qc2 Bh6 34. Rh1 Kg7 35. Rxh6 Kxh6 36. Rxg6+ Kh5 37. Qd1+ Rf3 38. Qh1+ 1-0

[Event "TUR Cup"]
[Site "Adapazari"]
[Date "2022.03.31"]
[Round "10"]
[White "Hatipoglu, Metin"]
[Black "Tokan, Melih"]
[Result "0-1"]
[WhiteElo "1579"]
[BlackElo "1321"]
[PlyCount "52"]
[EventDate "2022.03.25"]
[EventType "swiss"]
[EventRounds "11"]
[EventCountry "TUR"]
[SourceTitle "EXT 2023"]
[Source "ChessBase"]
[SourceDate "2022.10.05"]
[SourceVersion "1"]
[SourceVersionDate "2022.10.05"]
[SourceQuality "1"]

1. e4 c6 2. d4 d5 3. exd5 cxd5 4. c4 Nf6 5. Nc3 Nc6 6. Nf3 Bg4 7. Be3 e6 8. Be2 dxc4 9. Bxc4 Bb4 10. 0-0 0-0 11. Qb3 Bxf3 12. gxf3 Qe7 13. Be2 Rfd8 14. Rad1 Nd5 15. Nxd5 Rxd5 16. f4 Rad8 17. a3 Ba5 18. Qc4 Qh4 19. Bf3 Rf5 20. Qe2 Bc7 21. Rd3 Nxd4 22. Rxd4 Rxd4 23. Bxd4 Bxf4 24. Rd1 Rg5+ 25. Kf1 Qh3+ 26. Ke1 Rg1+ 0-1

[Event "TUR Cup"]
[Site "Adapazari"]
[Date "2022.03.27"]
[Round "4"]
[White "Hatipoglu, Metin"]
[Black "Gazioglu, Halit"]
[Result "0-1"]
[WhiteElo "1579"]
[BlackElo "1880"]
[PlyCount "62"]
[EventDate "2022.03.25"]
[EventType "swiss"]
[EventRounds "11"]
[EventCountry "TUR"]
[SourceTitle "EXT 2023"]
[Source "ChessBase"]
[SourceDate "2022.10.05"]
[SourceVersion "1"]
[SourceVersionDate "2022.10.05"]
[SourceQuality "1"]

1. e4 e5 2. Nf3 Nc6 3. Bb5 a6 4. Ba4 Nf6 5. 0-0 b5 6. Bb3 Be7 7. Re1 0-0 8. c3 d5 9. exd5 Nxd5 10. Nxe5 Nxe5 11. Rxe5 c6 12. d4 Bd6 13. Re1 Qh4 14. g3 Qh3 15. Be3 Bg4 16. Qd3 Rae8 17. Nd2 Re6 18. Qf1 Qh5 19. Qg2 Rfe8 20. Bxd5 cxd5 21. a4 b4 22. c4 dxc4 23. Nxc4 Bf3 24. Qf1 Bd5 25. Nd2 f5 26. h3 f4 27. Bxf4 Bxf4 28. gxf4 Qg6+ 29. Kh2 Rxe1 30. Rxe1 Rxe1 31. Qxe1 Qg2# 0-1

[Event "TUR Cup"]
[Site "Antalya"]
[Date "2020.01.29"]
[Round "5"]
[White "Caglar, Ahmet Ata"]
[Black "Hatipoglu, Metin"]
[Result "1-0"]
[WhiteElo "2065"]
[BlackElo "1570"]
[PlyCount "76"]
[EventDate "2020.01.26"]
[EventType "swiss"]
[EventRounds "11"]
[EventCountry "TUR"]
[SourceTitle "CBM 194 Extra"]
[Source "ChessBase"]
[SourceDate "2020.03.31"]
[SourceVersion "1"]
[SourceVersionDate "2020.03.31"]
[SourceQuality "1"]

1. d4 d5 2. c4 e6 3. Nc3 Nf6 4. Nf3 Be7 5. Bf4 0-0 6. e3 a6 7. cxd5 exd5 8. Bd3 Nbd7 9. Ne5 c5 10. Nxd7 Bxd7 11. dxc5 Bxc5 12. 0-0 Bc6 13. Ne2 Qb6 14. Rc1 Rfe8 15. Qc2 Bf8 16. Nd4 Rac8 17. Qb3 Qxb3 18. Nxb3 Ne4 19. Na5 Nc5 20. Bf5 Ne6 21. Bg3 g6 22. Bd3 Nc5 23. Be2 Re6 24. Rc2 Rce8 25. Nxc6 bxc6 26. Rfc1 a5 27. Rxc5 Bxc5 28. Rxc5 d4 29. Rxa5 dxe3 30. fxe3 Rxe3 31. Bf3 Rd8 32. h3 Rd2 33. Be5 f5 34. Bxc6 Re1+ 35. Kh2 Rdd1 36. Bf3 Rd3 37. Bc3 Ree3 38. Ra7 f4 1-0

[Event "TUR Cup"]
[Site "Antalya"]
[Date "2020.01.29"]
[Round "6"]
[White "Hatipoglu, Metin"]
[Black "Cam, Vedat"]
[Result "1-0"]
[WhiteElo "1570"]
[BlackElo "1879"]
[PlyCount "123"]
[EventDate "2020.01.26"]
[EventType "swiss"]
[EventRounds "11"]
[EventCountry "TUR"]
[SourceTitle "CBM 194 Extra"]
[Source "ChessBase"]
[SourceDate "2020.03.31"]
[SourceVersion "1"]
[SourceVersionDate "2020.03.31"]
[SourceQuality "1"]

1. e4 d6 2. d4 Nf6 3. Nc3 c6 4. h3 Qc7 5. Nf3 e5 6. Bc4 b5 7. Bd3 a6 8. 0-0 Be7 9. b3 0-0 10. Bb2 Nbd7 11. Ne2 Re8 12. Ng3 Bf8 13. c3 Bb7 14. Nh2 d5 15. Ng4 dxe4 16. Nxe4 Nxe4 17. Bxe4 exd4 18. Qf3 g6 19. Rad1 h5 20. Nh2 Bd6 21. g3 Rxe4 22. Qxe4 c5 23. Qh4 Qc6 24. f3 c4 25. bxc4 Qxc4 26. Rxd4 Bc5 27. Rf2 Bxd4 28. cxd4 Qxa2 29. g4 Qd5 30. Nf1 Re8 31. Ng3 hxg4 32. hxg4 Re1+ 33. Kh2 b4 34. Qd8+ Nf8 35. Qb6 a5 36. Qc7 a4 37. Ne4 Nd7 38. Qxd7 Qxd7 39. Nf6+ Kg7 40. Nxd7 Bd5 41. Nb6 Bb3 42. d5+ Kf8 43. Rd2 a3 44. d6 Be6 45. d7 Bxd7 46. Nxd7+ Ke7 47. Nc5 axb2 48. Rxb2 Rc1 49. Ne4 Rc4 50. Kg3 f5 51. gxf5 gxf5 52. Nf2 Rd4 53. f4 Kd6 54. Kf3 Kc5 55. Ke3 Kd5 56. Nd3 Re4+ 57. Kf3 Rd4 58. Nxb4+ Kc4 59. Nc2 Rd3+ 60. Ne3+ Kc5 61. Rc2+ Kd6 62. Rd2 1-0

[Event "TUR Cup"]
[Site "Antalya"]
[Date "2020.01.28"]
[Round "4"]
[White "Hatipoglu, Metin"]
[Black "Yarar, Muammer Atakan"]
[Result "1-0"]
[WhiteElo "1570"]
[BlackElo "1812"]
[PlyCount "77"]
[EventDate "2020.01.26"]
[EventType "swiss"]
[EventRounds "11"]
[EventCountry "TUR"]
[SourceTitle "CBM 194 Extra"]
[Source "ChessBase"]
[SourceDate "2020.03.31"]
[SourceVersion "1"]
[SourceVersionDate "2020.03.31"]
[SourceQuality "1"]

1. e4 c5 2. Nf3 Nc6 3. d4 cxd4 4. Nxd4 Nf6 5. Nc3 e5 6. Ndb5 d6 7. Na3 Bg4 8. f3 Be6 9. Bg5 Be7 10. Bxf6 gxf6 11. Nd5 0-0 12. Nc4 Rc8 13. Nxe7+ Qxe7 14. Ne3 a6 15. c3 Kh8 16. Qd2 Qd7 17. Nd5 Bxd5 18. Qxd5 Ne7 19. Qd2 f5 20. exf5 Nxf5 21. Bd3 Ng7 22. 0-0-0 f5 23. Bc2 Rc6 24. Rhe1 Qe7 25. Kb1 Ne6 26. Bb3 Nc5 27. Bd5 Rb6 28. g4 fxg4 29. fxg4 Qf6 30. Rf1 Qxf1 31. Rxf1 Rxf1+ 32. Kc2 Rf4 33. b4 Nd7 34. Qe3 Rb5 35. Be6 Nb6 36. Qh3 Rf6 37. g5 Rg6 38. Qf5 Rxe6 39. Qf8# 1-0

[Event "Izmir op 18th"]
[Site "Izmir"]
[Date "2019.09.03"]
[Round "2"]
[White "Yilmaz, Turhan"]
[Black "Hatipoglu, Metin"]
[Result "1-0"]
[WhiteElo "2180"]
[BlackElo "1634"]
[PlyCount "55"]
[EventDate "2019.09.02"]
[EventType "swiss"]
[EventRounds "9"]
[EventCountry "TUR"]
[SourceTitle "EXT 2020"]
[Source "ChessBase"]
[SourceDate "2019.10.17"]
[SourceVersion "1"]
[SourceVersionDate "2019.10.17"]
[SourceQuality "1"]

1. e4 c5 2. Nf3 e6 3. d4 cxd4 4. Nxd4 a6 5. Nc3 Qc7 6. Bd3 Nc6 7. Nxc6 dxc6 8. f4 Bc5 9. Qf3 Bd7 10. Bd2 Ne7 11. 0-0-0 b5 12. Kb1 a5 13. e5 Nd5 14. Ne4 Be7 15. c3 c5 16. c4 bxc4 17. Bxc4 Nb6 18. Bc3 0-0 19. Bd3 c4 20. Nf6+ Bxf6 21. Bxh7+ Kxh7 22. Qh5+ Kg8 23. exf6 Qxf4 24. fxg7 Qf5+ 25. Qxf5 exf5 26. gxf8Q+ Kxf8 27. Rd6 Rb8 28. Bd4 1-0

[Event "TUR Cup"]
[Site "Antalya"]
[Date "2019.02.03"]
[Round "11"]
[White "Hatipoglu, Metin"]
[Black "Lokman, Hilmi Merih"]
[Result "0-1"]
[WhiteElo "1680"]
[BlackElo "1597"]
[PlyCount "144"]
[EventDate "2019.01.27"]
[EventType "swiss"]
[EventRounds "11"]
[EventCountry "TUR"]
[SourceTitle "CBM 188 Extra"]
[Source "ChessBase"]
[SourceDate "2019.02.26"]
[SourceVersion "1"]
[SourceVersionDate "2019.02.26"]
[SourceQuality "1"]

1. e4 c6 2. d4 d5 3. exd5 cxd5 4. c4 Nf6 5. Nc3 e6 6. Nf3 Be7 7. Bd3 0-0 8. 0-0 b6 9. Re1 Bb7 10. cxd5 Nxd5 11. Ne4 Nd7 12. Ne5 Nxe5 13. dxe5 Nb4 14. Bb1 Qxd1 15. Rxd1 Rac8 16. Nc3 Rfd8 17. Rxd8+ Rxd8 18. a3 Nd3 19. Bxd3 Rxd3 20. Be3 f6 21. exf6 Bxf6 22. Rd1 Ba6 23. Rxd3 Bxd3 24. f3 Kf7 25. Kf2 Ke7 26. Ke1 Kd7 27. Kd2 Bf1 28. g3 Kc6 29. Kc2 Bg2 30. f4 a6 31. Na4 Bd8 32. Bd4 g6 33. Kc3 Bd5 34. b4 a5 35. Nb2 axb4+ 36. axb4 Kb5 37. Nd3 Be7 38. Be3 Be4 39. Ne5 Bxb4+ 40. Kd4 Bd5 41. Nd7 Bc5+ 42. Kd3 Bc6 43. Nf6 Bxe3 44. Kxe3 h6 45. Ng4 h5 46. Ne5 Be8 47. Kd4 Kb4 48. Nd3+ Kb3 49. Ke5 Kc3 50. Nf2 b5 51. Ne4+ Kd3 52. Nc5+ Kc4 53. Nxe6 b4 54. Nd4 Bd7 55. Nc2 b3 56. Na3+ Kb4 57. Nb1 Bf5 58. Nd2 Kc3 59. Nxb3 Kxb3 60. Kf6 Kc3 61. h3 Bc2 62. g4 Kd4 63. f5 gxf5 64. gxf5 Ba4 65. Ke7 Ke4 66. f6 Bb3 67. f7 Bxf7 68. Kxf7 Kf4 69. Kg6 h4 70. Kf6 Kg3 71. Kg5 Kxh3 72. Kf4 Kg2 0-1

[Event "TUR Cup"]
[Site "Antalya"]
[Date "2019.01.30"]
[Round "5"]
[White "Makaraci, Tunahan"]
[Black "Hatipoglu, Metin"]
[Result "1-0"]
[WhiteElo "1915"]
[BlackElo "1680"]
[PlyCount "103"]
[EventDate "2019.01.27"]
[EventType "swiss"]
[EventRounds "11"]
[EventCountry "TUR"]
[SourceTitle "CBM 188 Extra"]
[Source "ChessBase"]
[SourceDate "2019.02.26"]
[SourceVersion "1"]
[SourceVersionDate "2019.02.26"]
[SourceQuality "1"]

1. e4 c5 2. Nf3 e6 3. c3 d5 4. exd5 exd5 5. Bb5+ Bd7 6. Bxd7+ Nxd7 7. 0-0 Ngf6 8. d4 Be7 9. dxc5 Nxc5 10. Nbd2 0-0 11. Nb3 Nce4 12. Be3 Qc7 13. Nbd4 g6 14. h3 a6 15. a4 Rad8 16. Re1 Rfe8 17. Qc2 Nh5 18. Rad1 Bd6 19. Ne2 Nf4 20. Nxf4 Bxf4 21. Bxf4 Qxf4 22. Rd4 Qf6 23. Red1 Ng5 24. Nxg5 Qxg5 25. Kf1 Qe5 26. Kg1 Re7 27. Qd2 Qf5 28. c4 Rde8 29. Rxd5 Qf6 30. Rd8 Re1+ 31. Qxe1 Rxd8 32. Rxd8+ Qxd8 33. b3 h5 34. Qe3 Kg7 35. Qf3 Qe7 36. Qc3+ f6 37. c5 Qe4 38. Qe3 Qd5 39. Kh2 g5 40. f3 h4 41. b4 Kh6 42. Qe7 Qd4 43. Qe4 Qf2 44. Qe6 Qg3+ 45. Kg1 Qf4 46. Qe4 Qc1+ 47. Kh2 a5 48. Qd4 Kg6 49. bxa5 Qe1 50. Qe4+ Qxe4 51. fxe4 Kf7 52. c6 1-0

[Event "TUR Cup"]
[Site "Antalya"]
[Date "2019.01.29"]
[Round "4"]
[White "Hatipoglu, Metin"]
[Black "Aysoy, Veysi"]
[Result "1-0"]
[WhiteElo "1680"]
[BlackElo "1933"]
[PlyCount "66"]
[EventDate "2019.01.27"]
[EventType "swiss"]
[EventRounds "11"]
[EventCountry "TUR"]
[SourceTitle "CBM 188 Extra"]
[Source "ChessBase"]
[SourceDate "2019.02.26"]
[SourceVersion "1"]
[SourceVersionDate "2019.02.26"]
[SourceQuality "1"]

1. e4 d5 2. exd5 Nf6 3. d4 Nxd5 4. c4 Nb6 5. Nc3 g6 6. Be3 Bg7 7. Qd2 0-0 8. Nf3 Nc6 9. Be2 Bg4 10. 0-0-0 Bxf3 11. gxf3 e5 12. d5 Nd4 13. h4 c6 14. dxc6 bxc6 15. h5 Qc7 16. Kb1 Rfd8 17. Qc1 Rab8 18. hxg6 fxg6 19. Bd3 e4 20. Bf4 Qf7 21. Bxb8 exd3 22. Qf4 Qb7 23. Rxh7 Nxc4 24. Rxg7+ Kxg7 25. Be5+ Kg8 26. b3 Nxe5 27. Qxe5 Nf5 28. Ne4 Qe7 29. Qc3 Qg7 30. Qxc6 Ne7 31. Qc4+ Qf7 32. Rxd3 Rxd3 33. Qxd3 Nd5 1-0

[Event "TUR Cup"]
[Site "Antalya"]
[Date "2019.01.27"]
[Round "1"]
[White "Sabahi, Caglar"]
[Black "Hatipoglu, Metin"]
[Result "0-1"]
[WhiteElo "1077"]
[BlackElo "1680"]
[PlyCount "66"]
[EventDate "2019.01.27"]
[EventType "swiss"]
[EventRounds "11"]
[EventCountry "TUR"]
[SourceTitle "CBM 188 Extra"]
[Source "ChessBase"]
[SourceDate "2019.02.26"]
[SourceVersion "1"]
[SourceVersionDate "2019.02.26"]
[SourceQuality "1"]

1. e4 c5 2. Nf3 Nc6 3. d3 e6 4. g3 d5 5. exd5 exd5 6. Bg2 Nf6 7. 0-0 Be7 8. Re1 0-0 9. c3 Bg4 10. h3 Bh5 11. Be3 Qd7 12. Kh2 Rad8 13. d4 cxd4 14. cxd4 Ne4 15. Nbd2 f5 16. Qb3 h6 17. Nxe4 fxe4 18. Ne5 Nxe5 19. dxe5 Qf5 20. Bxe4 Qxe4 21. Bc5 Qf5 22. Qe3 Bxc5 23. Qxc5 Qxf2+ 24. Qxf2 Rxf2+ 25. Kg1 Rxb2 26. e6 Re8 27. Re5 Bf3 28. e7 Be4 29. Rc1 Rxa2 30. Rc7 Rb2 31. Rd7 a5 32. Rd8 Kf7 33. Re6 Rxe7 0-1

[Event "TUR Cup										"]
[Site "Antalya"]
[Date "2018.02.01"]
[Round "9"]
[White "Hatipoglu, Metin"]
[Black "Zekeriyaoglu, Ersen"]
[Result "0-1"]
[WhiteElo "1683"]
[BlackElo "1839"]
[PlyCount "82"]
[EventDate "2018.01.27"]
[EventType "swiss"]
[EventRounds "11"]
[EventCountry "TUR"]
[SourceTitle "CBM 182 Extra"]
[Source "ChessBase"]
[SourceDate "2018.02.23"]
[SourceVersion "1"]
[SourceVersionDate "2018.02.23"]
[SourceQuality "1"]

1. e4 e5 2. Nf3 d5 3. Nxe5 Bd6 4. d4 dxe4 5. Bc4 Bxe5 6. dxe5 Qxd1+ 7. Kxd1 Nc6 8. Bf4 Nge7 9. Re1 Ng6 10. Bg3 Bf5 11. f4 exf3 12. gxf3 Nd4 13. Na3 Nxf3 14. Rf1 Bg4 15. Kc1 Nfxe5 16. Bb5+ c6 17. Re1 0-0-0 18. Be2 Bxe2 19. Rxe2 Rhe8 20. Rf2 h5 21. Rf5 h4 22. Bf2 Ng4 23. b3 Nxf2 24. Rxf2 Re1+ 25. Kb2 Rxa1 26. Kxa1 Rd1+ 27. Kb2 Ne5 28. Rf4 g5 29. Rf5 Rd5 30. Kc3 b5 31. b4 a5 32. Rf6 c5 33. Kb2 cxb4 34. Nb1 Kd7 35. a3 Ke7 36. Ra6 Nc4+ 37. Kb3 Rd1 38. Ka2 Rc1 39. axb4 Rxc2+ 40. Ka1 axb4 41. Ra2 b3 0-1

[Event "TUR Cup										"]
[Site "Antalya"]
[Date "2018.01.27"]
[Round "1"]
[White "Hatipoglu, Metin"]
[Black "Duran, Kadir"]
[Result "1-0"]
[WhiteElo "1683"]
[BlackElo "1167"]
[PlyCount "62"]
[EventDate "2018.01.27"]
[EventType "swiss"]
[EventRounds "11"]
[EventCountry "TUR"]
[SourceTitle "CBM 182 Extra"]
[Source "ChessBase"]
[SourceDate "2018.02.23"]
[SourceVersion "1"]
[SourceVersionDate "2018.02.23"]
[SourceQuality "1"]

1. e4 e5 2. d4 exd4 3. c3 c5 4. Bc4 Nc6 5. Nf3 d6 6. 0-0 Be7 7. cxd4 Bg4 8. Be3 Nf6 9. Nc3 0-0 10. Qd2 a6 11. Rad1 Qc8 12. Be2 b5 13. h3 Bh5 14. e5 dxe5 15. dxe5 Ne8 16. Nd5 Qb7 17. g4 Bg6 18. Qc1 Qa7 19. Nxe7+ Nxe7 20. Qxc5 Nc8 21. Rd8 Qc7 22. Rfd1 Qb7 23. R1d7 Qb8 24. Qxf8+ Kxf8 25. Bc5+ Ncd6 26. Bxd6+ Qxd6 27. exd6 Rxd8 28. Rxd8 f6 29. d7 Ke7 30. dxe8Q+ Bxe8 31. Rxe8+ Kxe8 1-0

[Event "Ankara Baskent Univ op 2nd"]
[Site "Ankara"]
[Date "2017.06.30"]
[Round "1"]
[White "Hatipoglu, Metin"]
[Black "Rasulov, Vugar Ural Oglu"]
[Result "0-1"]
[WhiteElo "1812"]
[BlackElo "2508"]
[PlyCount "76"]
[EventDate "2017.06.30"]
[EventType "swiss"]
[EventRounds "9"]
[EventCountry "TUR"]
[SourceTitle "CBM 179 Extra"]
[Source "ChessBase"]
[SourceDate "2017.08.23"]
[SourceVersion "1"]
[SourceVersionDate "2017.08.23"]
[SourceQuality "1"]

1. e4 c5 2. Nf3 d6 3. d4 cxd4 4. Nxd4 Nf6 5. Nc3 Nc6 6. Be2 g6 7. Be3 Bg7 8. f3 0-0 9. Qd2 Nxd4 10. Bxd4 Be6 11. Nd5 Bxd5 12. exd5 Nd7 13. Bxg7 Kxg7 14. h4 Nf6 15. 0-0-0 Rc8 16. h5 Rh8 17. g4 Qb6 18. Kb1 a5 19. h6+ Kf8 20. g5 Nh5 21. Rh3 Qf2 22. Rf1 Qg2 23. Rfh1 Rg8 24. R1h2 Qg1+ 25. Bd1 f6 26. Rg2 Qf1 27. Rh4 fxg5 28. Rxg5 Nf6 29. Rf4 Kf7 30. Qd4 Rc4 31. Rxf6+ exf6 32. Rg1 Rxd4 33. Rxf1 Re8 34. c3 Rd2 35. Kc1 Rh2 36. f4 f5 37. a4 Kf6 38. b4 Re3 0-1

[Event "TUR Cup"]
[Site "Antalya"]
[Date "2017.02.04"]
[Round "11"]
[White "Gazioglu, Halit"]
[Black "Hatipoglu, Metin"]
[Result "1-0"]
[WhiteElo "1890"]
[BlackElo "1739"]
[PlyCount "63"]
[EventDate "2017.01.28"]
[EventType "swiss"]
[EventRounds "11"]
[EventCountry "TUR"]
[SourceTitle "EXT 2018"]
[Source "ChessBase"]
[SourceDate "2017.10.13"]
[SourceVersion "1"]
[SourceVersionDate "2017.10.13"]
[SourceQuality "1"]

1. d4 Nf6 2. c4 e6 3. Nc3 d5 4. cxd5 exd5 5. Bg5 Be7 6. e3 h6 7. Bh4 0-0 8. Qc2 Re8 9. Bd3 c5 10. dxc5 d4 11. exd4 Bxc5+ 12. Nge2 Qxd4 13. Bg3 Nc6 14. 0-0-0 Qg4 15. a3 Be6 16. Kb1 Rad8 17. f3 Qh5 18. Nf4 Qg5 19. Nxe6 Rxe6 20. f4 Qh5 21. Be2 Rxd1+ 22. Rxd1 Ng4 23. h3 Rxe2 24. Qxe2 Qg6+ 25. Qe4 Ne3 26. Qxg6 fxg6 27. Rd2 Nf1 28. Rd3 Kf7 29. Be1 Ke6 30. g4 Ne3 31. Bf2 Ng2 32. Bxc5 1-0

[Event "TUR Cup"]
[Site "Antalya"]
[Date "2017.01.31"]
[Round "5"]
[White "Cekli, Cem"]
[Black "Hatipoglu, Metin"]
[Result "0-1"]
[WhiteElo "1480"]
[BlackElo "1739"]
[PlyCount "78"]
[EventDate "2017.01.28"]
[EventType "swiss"]
[EventRounds "11"]
[EventCountry "TUR"]
[SourceTitle "CBM 176 Extra"]
[Source "ChessBase"]
[SourceDate "2017.03.02"]
[SourceVersion "1"]
[SourceVersionDate "2017.03.02"]
[SourceQuality "1"]

1. d4 c5 2. d5 e6 3. e4 d6 4. Nc3 Nf6 5. Bb5+ Nbd7 6. a4 a6 7. Be2 Be7 8. f4 exd5 9. exd5 0-0 10. Nf3 Qb6 11. a5 Qc7 12. 0-0 b5 13. axb6 Nxb6 14. Ne1 Bb7 15. Bf3 Rfe8 16. g4 Bf8 17. Ng2 g6 18. h4 c4 19. Be3 Nfd7 20. Bd4 Nc5 21. Kh1 Nbd7 22. Qd2 Re7 23. Rg1 Rae8 24. h5 Qd8 25. Ne3 Ne6 26. Nf5 Nxd4 27. Qxd4 Re6 28. Raf1 Rf6 29. Ng3 Bg7 30. Qxc4 Re3 31. g5 Nb6 32. Qd4 Rfe6 33. Qd1 Re8 34. Nge4 Bxc3 35. Nxc3 Nc4 36. Qd4 Qc8 37. Kg2 Nxb2 38. Ne4 R8xe4 39. Bxe4 Qg4+ 0-1

[Event "Kesan op 14th"]
[Site "Kesan"]
[Date "2016.08.15"]
[Round "2"]
[White "Rzayev, Askar Aliakbar"]
[Black "Hatipoglu, Metin"]
[Result "1-0"]
[WhiteElo "2120"]
[BlackElo "1756"]
[PlyCount "107"]
[EventDate "2016.08.14"]
[EventType "swiss"]
[EventRounds "9"]
[EventCountry "TUR"]
[SourceTitle "CBM 173 Extra"]
[Source "ChessBase"]
[SourceDate "2016.08.29"]
[SourceVersion "1"]
[SourceVersionDate "2016.08.29"]
[SourceQuality "1"]

1. Nf3 d5 2. g3 c5 3. Bg2 Nc6 4. d4 e6 5. 0-0 Nf6 6. c4 Be7 7. cxd5 exd5 8. Nc3 0-0 9. b3 Re8 10. Bb2 Bf5 11. Rc1 cxd4 12. Nxd4 Bg6 13. Na4 Qd6 14. Nc5 Nxd4 15. Qxd4 b6 16. Na6 Rac8 17. Bh3 Rxc1 18. Rxc1 Bf8 19. e3 Nd7 20. Nc7 Rc8 21. Nxd5 Rxc1+ 22. Bxc1 Ne5 23. Bg2 Nd3 24. Bd2 Qa3 25. e4 Nc5 26. b4 Ne6 27. Qc4 Qb2 28. Bc1 Qb1 29. a3 Nd4 30. Qxd4 Qxc1+ 31. Bf1 Qxa3 32. h3 a5 33. bxa5 bxa5 34. Bg2 a4 35. Qc4 Qa1+ 36. Kh2 a3 37. Qc8 Qe5 38. Qa8 f6 39. f4 Qd6 40. h4 Bf7 41. Bf1 g6 42. Bc4 Kg7 43. Qb7 Qc5 44. Qa6 Qf2+ 45. Kh3 Bxd5 46. Bxd5 h5 47. e5 fxe5 48. Be4 Bd6 49. Qxd6 Qf1+ 50. Bg2 Qc1 51. fxe5 a2 52. Qf6+ Kh7 53. Qf7+ Kh6 54. Qxa2 1-0

[Event "Manavgat Turkey Cup"]
[Site "Manavgat"]
[Date "2016.02.05"]
[Round "10"]
[White "Gundogan, Sinem Cagla"]
[Black "Hatipoglu, Metin"]
[Result "1/2-1/2"]
[WhiteElo "2002"]
[BlackElo "1759"]
[PlyCount "112"]
[EventDate "2016.01.30"]
[EventType "swiss"]
[EventRounds "11"]
[EventCountry "TUR"]
[SourceTitle "CBM 170 Extra"]
[Source "ChessBase"]
[SourceDate "2016.02.25"]
[SourceVersion "1"]
[SourceVersionDate "2016.02.25"]
[SourceQuality "1"]

1. e4 c5 2. Nf3 e6 3. d3 d5 4. Nbd2 Nc6 5. g3 Nf6 6. Bg2 Be7 7. 0-0 0-0 8. e5 Nd7 9. Re1 Qc7 10. Qe2 b5 11. Nf1 Bb7 12. h4 Rac8 13. N1h2 Nd4 14. Qd1 Nxf3+ 15. Nxf3 d4 16. Qe2 Nb6 17. Bd2 b4 18. a3 a5 19. axb4 axb4 20. c3 bxc3 21. bxc3 dxc3 22. Bxc3 Nd5 23. Ba5 Qd7 24. Nd2 Nb4 25. Bxb7 Qxb7 26. Nc4 Qc6 27. Rec1 Rb8 28. Bxb4 Rxb4 29. Ra7 Re8 30. Qc2 Bf8 31. Rca1 Reb8 32. Re1 Qd5 33. Ra3 Qd4 34. Re4 Rb1+ 35. Kg2 Qd7 36. Ra8 Rxa8 37. Qxb1 Rd8 38. Re3 Qc6+ 39. Kh2 Be7 40. Qb3 h6 41. Qd1 Rd4 42. Qh5 Qd7 43. Qf3 g6 44. Nd2 Qd8 45. Ne4 Kg7 46. Qe2 Ra4 47. Qc2 Qa5 48. Nc3 Ra1 49. Ne4 Ra2 50. Qb3 Qa6 51. Rf3 Qa8 52. Qb5 Ra5 53. Qd7 Ra7 54. Qb5 Ra5 55. Qd7 Ra7 56. Qb5 Ra5 1/2-1/2

[Event "Manavgat Turkey Cup"]
[Site "Manavgat"]
[Date "2016.02.04"]
[Round "9"]
[White "Hatipoglu, Metin"]
[Black "Demirag, Batuhan"]
[Result "1-0"]
[WhiteElo "1759"]
[BlackElo "1830"]
[PlyCount "131"]
[EventDate "2016.01.30"]
[EventType "swiss"]
[EventRounds "11"]
[EventCountry "TUR"]
[SourceTitle "CBM 170 Extra"]
[Source "ChessBase"]
[SourceDate "2016.02.25"]
[SourceVersion "1"]
[SourceVersionDate "2016.02.25"]
[SourceQuality "1"]

1. e4 c5 2. Nf3 e6 3. d4 cxd4 4. Nxd4 a6 5. Be3 Nf6 6. Nd2 Qc7 7. Be2 Be7 8. 0-0 0-0 9. f4 d6 10. Bf3 e5 11. Ne2 b5 12. Kh1 Bb7 13. Nc3 b4 14. Nd5 Nxd5 15. exd5 f5 16. Nb3 e4 17. Be2 Nd7 18. Nd4 Nc5 19. Nc6 Bxc6 20. dxc6 Kh8 21. Bc4 Rac8 22. Bd5 a5 23. Bd4 Bf6 24. Re1 Rce8 25. Re3 Ne6 26. Bxf6 Rxf6 27. Bxe6 Rfxe6 28. Qd5 Qb6 29. c7 Qxc7 30. Qxf5 Qc5 31. Qxc5 dxc5 32. Rd1 g5 33. fxg5 Re5 34. h4 Kg7 35. g4 R8e7 36. Kg2 Kg6 37. Kg3 Re8 38. Rd6+ Kg7 39. Kf4 R5e7 40. Rd5 Rf8+ 41. Rf5 Rd8 42. Rxc5 Rd1 43. Rxa5 Rf1+ 44. Kg3 Rg1+ 45. Kh3 Rh1+ 46. Kg3 Rg1+ 47. Kh2 Rxg4 48. Kh3 Rg1 49. Rb5 Rc7 50. Rxe4 Rxc2 51. Rbxb4 Kg6 52. Rf4 Kh5 53. Rf6 Rh1+ 54. Kg3 Rg1+ 55. Kf3 Rf1+ 56. Ke3 Rxf6 57. gxf6 Kg6 58. Rb6 Rc4 59. h5+ Kf7 60. Kd3 Rh4 61. Rb7+ Kg8 62. f7+ Kf8 63. b4 Rxh5 64. a4 Rh3+ 65. Kc4 h5 66. a5 1-0

[Event "Manavgat Turkey Cup"]
[Site "Manavgat"]
[Date "2016.02.03"]
[Round "7"]
[White "Can, Furkan"]
[Black "Hatipoglu, Metin"]
[Result "1/2-1/2"]
[WhiteElo "1595"]
[BlackElo "1759"]
[PlyCount "88"]
[EventDate "2016.01.30"]
[EventType "swiss"]
[EventRounds "11"]
[EventCountry "TUR"]
[SourceTitle "CBM 170 Extra"]
[Source "ChessBase"]
[SourceDate "2016.02.25"]
[SourceVersion "1"]
[SourceVersionDate "2016.02.25"]
[SourceQuality "1"]

1. d4 c5 2. e3 e6 3. Nf3 d5 4. c4 Nf6 5. Be2 Nc6 6. 0-0 Bd6 7. Nc3 a6 8. b3 0-0 9. Bb2 cxd4 10. exd4 Ne4 11. Nxe4 dxe4 12. Ne5 Qg5 13. Qc1 Qxc1 14. Raxc1 Nxe5 15. dxe5 Be7 16. Rcd1 f5 17. f3 exf3 18. Rxf3 b6 19. Rfd3 Ra7 20. Bf3 Rc7 21. Bd4 Bc5 22. Kf2 Bxd4+ 23. Rxd4 Rc5 24. b4 Rc7 25. Rc1 Bb7 26. Bxb7 Rxb7 27. Rd6 Kf7 28. Rcd1 Rc8 29. Rd7+ Rxd7 30. Rxd7+ Kf8 31. Rd6 Rxc4 32. Rxb6 Rc2+ 33. Kf3 Rxa2 34. Rxe6 Ra4 35. Rb6 a5 36. bxa5 Rxa5 37. Kf4 Ra2 38. g3 Rf2+ 39. Kg5 Rxh2 40. Kxf5 Rf2+ 41. Ke6 g6 42. Kd7 Rf3 43. Rb8+ Kg7 44. e6 Rd3+ 1/2-1/2